| 000 | 00392nam a2200157 a 4500 | ||
|---|---|---|---|
| 001 | 28491 | ||
| 005 | 20180713231403.0 | ||
| 008 | 140415s2003 mx 000 0 spa d | ||
| 020 | _a9701043774 | ||
| 041 | _aspa | ||
| 082 |
_a344.7201 _bMEX |
||
| 245 | 0 | 0 | _aLEY FEDERAL DEL TRABAJO |
| 250 | _a1RA | ||
| 260 |
_aMEXICO : _bMC GRAW HILL, _c2003 |
||
| 300 |
_a375 _c12 x 3 x 15 |
||
| 999 |
_c28491 _d28491 |
||